000 00779nam a2200253Ia 4500
001 Z_1273
008 220113s1988 xx 000 0 und d
010 _a164361
082 _a635.977 R5 REGISTRO REPETIDO
100 _aRichard, W. H.
_997245
245 _aShrub-Steppe : balance and change in a semi-arid terrestrial ecosystem /
_ced. by W. H. Richard [and others]
260 _aAmsterdam :
_bElsevier,
_c1988
300 _a272 p. :
_bilus
440 _aDevelopments in agricultural and managed-forest ecology; 20
_9138512
503 _a160966
650 _aArbustos
_96713
650 _aEcologĂ­a vegetal I.t.
_9138513
650 _aEcosistema
_935290
901 _a635.977 R5 REGISTRO REPETIDO
902 _aM
910 _a1988
942 _cc1
999 _c164361
_d164361